000 00533nam a2200193Ia 4500
005 20250326144833.0
008 250326s9999 xx 000 0 und d
020 _a0-471-25076-7
037 _aTextbook
040 _aFMSL
_beng
_cFMSL
041 _aeng
_2eng
084 _aX:74 P3
_qFMSL
100 _aAurik J C
_9746857
245 0 _aRebuilding the corporate genome
_cAurik J C; Jonk G J And Others
260 _aUSA
_bUSA, John Wiley
_c2003
300 _a314p
942 _cTB
_hX:74 P3
999 _c1305255
_d1305255